Catalog

Record Details

Catalog Search



Available copies

  • 2 of 2 copies available at LARL/NWRL Consortium.
  • 2 of 2 copies available at Lake Agassiz Regional Library. (Show preferred library)

Current holds

0 current holds with 2 total copies.

Show Only Available Copies
Location Call Number / Copy Notes Barcode Shelving Location Status Due Date
Barnesville Public Library Y CES (Text) 33500014088116 Main Available -
Detroit Lakes Public Library Y CES (Text) 33500014088108 Main Available -

Record details

  • ISBN: 9781454954248
  • ISBN: 1454954248
  • Physical Description: 356 pages ; 21 cm
  • Publisher: New York : Union Square & Co., 2024.

Content descriptions

Summary, etc.:
Told in alternation voices, teenage Crystal ... Read More
Target Audience Note:
Ages 14 and up. Union Square & Co.
Grades 10-12. Union Square & Co.
Subject: Interpersonal relations > Juvenile fiction.
Social media > Juvenile fiction.
Psychopaths > Juvenile fiction.
High schools > Juvenile fiction.
Schools > Juvenile fiction.
Horror tales.
Interpersonal relations > Fiction.
Social media > Fiction.
Psychopaths > Fiction.
High schools > Fiction.
Schools > Fiction.
Horror stories.
Psychopaths > Fiction.
High schools > Fiction.
School stories.
Genre: Horror fiction.
Thrillers (Fiction)
Novels.
LDR 02889cam a22007578i 4500
001448599
003LARL_NWRL_CONSORTIUM
00520241101161909.0
008240528s2024 nyu d 000 1 eng
010 . ‡a 2023055178
040 . ‡aDLC ‡beng ‡erda ‡cDLC ‡dOCLCO ‡dIG# ‡dPNX ‡dJAS ‡dOCLCO
019 . ‡a1455938592
020 . ‡a9781454954248 ‡q(trade paperback)
020 . ‡a1454954248
020 . ‡z9781454954255 ‡q(epub)
035 . ‡a(OCoLC)1430321744 ‡z(OCoLC)1455938592
042 . ‡apcc
08200. ‡a[Fic] ‡223
084 . ‡aYAF062030 ‡aYAF026000 ‡2bisacsh
1001 . ‡aCesare, Adam, ‡eauthor.
24510. ‡aInfluencer / ‡cAdam Cesare.
264 1. ‡aNew York : ‡bUnion Square & Co., ‡c2024.
300 . ‡a356 pages ; ‡c21 cm
336 . ‡atext ‡btxt ‡2rdacontent
337 . ‡aunmediated ‡bn ‡2rdamedia
338 . ‡avolume ‡bnc ‡2rdacarrier
385 . ‡mAge group ‡aEarly Adolescents ‡2ericd
521 . ‡aAges 14 and up. ‡bUnion Square & Co.
521 . ‡aGrades 10-12. ‡bUnion Square & Co.
520 . ‡aTold in alternation voices, teenage Crystal discovers Aaron, the charismatic new boy in school, has a dark and violent secret.
650 0. ‡aInterpersonal relations ‡vJuvenile fiction. ‡0(LARL_NWRL_CONSORTIUM)165337
650 0. ‡aSocial media ‡vJuvenile fiction.
650 0. ‡aPsychopaths ‡vJuvenile fiction.
650 0. ‡aHigh schools ‡vJuvenile fiction. ‡0(LARL_NWRL_CONSORTIUM)165600
650 0. ‡aSchools ‡vJuvenile fiction. ‡0(LARL_NWRL_CONSORTIUM)167227
650 0. ‡aHorror tales. ‡0(LARL_NWRL_CONSORTIUM)22375
650 1. ‡aInterpersonal relations ‡vFiction. ‡0(LARL_NWRL_CONSORTIUM)165331
650 1. ‡aSocial media ‡vFiction.
650 1. ‡aPsychopaths ‡vFiction. ‡0(LARL_NWRL_CONSORTIUM)166795
650 1. ‡aHigh schools ‡vFiction. ‡0(LARL_NWRL_CONSORTIUM)169592
650 1. ‡aSchools ‡vFiction. ‡0(LARL_NWRL_CONSORTIUM)167222
650 1. ‡aHorror stories. ‡0(LARL_NWRL_CONSORTIUM)176036
650 7. ‡aPsychopaths ‡vFiction. ‡2sears ‡0(LARL_NWRL_CONSORTIUM)166795
650 7. ‡aHigh schools ‡vFiction. ‡2sears ‡0(LARL_NWRL_CONSORTIUM)169592
650 7. ‡aSchool stories. ‡2sears ‡0(LARL_NWRL_CONSORTIUM)178120
655 7. ‡aHorror fiction. ‡2lcgft
655 7. ‡aThrillers (Fiction) ‡2lcgft
655 7. ‡aNovels. ‡2lcgft
77608. ‡iOnline version: ‡aCesare, Adam. ‡tInfluencer ‡dNew York : Union Square & Co., 2024 ‡z9781454954255 ‡w(DLC) 2023055179
905 . ‡uvanderl
901 . ‡a448599 ‡bAUTOGEN ‡c448599 ‡tbiblio ‡soclc

Additional Resources